Statistiques concernant Le Koweït pour les touristes...

Cliquez ici pour prendre le quiz!

Statistiques générales

  • Ce quiz a été pris 2 fois
  • Le résultat moyen est 11 sur 20

Statistiques - réponses

QuestionIndiceRéponses% Correct
Dans la capitale quel est le décalage horaire avec Paris ? (+ ou - et chiffre) ex - 10 ou + 3,5+ 1
100%
Combien d'heures (environ) mettrez-vous pour vous y rendre ? (en chiffres)8
100%
Achats à faire4/ Représentation de l'animal symbole du pays, l'Aigle
100%
Quelle est la langue officielle ?Arabe
100%
Quel est le climat local ?DDésertique
100%
Le suffixe internet est
kw
100%
La religion majoritaire estIslam
100%
Le principal aéroport estKKoweit
100%
Quel est le régime du pays ?M CMonarchie constitutionnelle
100%
Achats à faire1/ Fruits secsDattes
50%
Quelle est la monnaie ?Dinar koweitien
50%
Achats à faire3/ Pour la cuisineEpices
50%
Quelles sont les principaux lieux touristiques ?MGrande {mosquée}
50%
Achats à faire2/ Huilesaromatiques
0%
Quelles sont les principaux lieux touristiques ?T ACentre commercial {The avenues}
0%
Comment se nomme la principale compagnie aérienne localeK AKuwait Airways
0%
Code sur les plaques minéralogiquesKWT
0%
Quelles sont les principaux lieux touristiques ?CMusée de la {calligraphie} islamique
0%
Quelles sont les principaux lieux touristiques ?IMusée des arts {islamiques}
0%
Quelles sont les principaux lieux touristiques ?ASouk {Al-Mubarakiya}
0%

Distribution des résultats

Percentile par nombre de réponses

% des personnes avec chaque résultat

Votre développement - résultats

Vous n’avez pas pris ce quiz